UBT Library

Kigyō keiei no kontei o nasu Eigo komyunikēshon = (Record no. 47129)

000 -LEADER
fixed length control field 01085cam a2200301 a 4500
001 - CONTROL NUMBER
control field 5309531
005 - DATE AND TIME OF LATEST TRANSACTION
control field 20180814070706.0
008 - FIXED-LENGTH DATA ELEMENTS--GENERAL INFORMATION
fixed length control field 970122s1996 ja a b 000 0 jpn
010 ## - LIBRARY OF CONGRESS CONTROL NUMBER
LC control number 97458484
035 ## - SYSTEM CONTROL NUMBER
System control number (CStRLIN)DCLP97-B805
040 ## - CATALOGING SOURCE
Original cataloging agency DLC-R
Transcribing agency DLC-R
Modifying agency DLC
041 0# - LANGUAGE CODE
Language code of text/sound track or separate title jpneng
043 ## - GEOGRAPHIC AREA CODE
Geographic area code a-ja---
066 ## - CHARACTER SETS PRESENT
Alternate G0 or G1 character set $1
080 ## - UNIVERSAL DECIMAL CLASSIFICATION NUMBER
Universal Decimal Classification number 33
100 ## - Rafti
Rafti 59
101 ## - Shkurtesa
Shkurtesa BUS
245 00 - TITLE STATEMENT
Linkage 880-01
Title Kigyō keiei no kontei o nasu Eigo komyunikēshon =
246 31 - VARYING FORM OF TITLE
Title proper/short title International business communication
504 ## - BIBLIOGRAPHY, ETC. NOTE
Bibliography, etc Includes bibliographical references.
880 00 - ALTERNATE GRAPHIC REPRESENTATION
Linkage 245-01/$1
a 企業経営の根底をなす英語コミュニケ-ション =
b International business communication.
880 ## - ALTERNATE GRAPHIC REPRESENTATION
Linkage 260-02/$1
a 東京 :
b 早稲田大学産業経営研究所,
c 1996.
880 1# - ALTERNATE GRAPHIC REPRESENTATION
Linkage 490-03/$1
a 産研シリーズ =
-- Sanken series ;
v 28
880 2# - ALTERNATE GRAPHIC REPRESENTATION
Linkage 710-04/$1
a 早稲田大学.
b 産業経営研究所.
880 #0 - ALTERNATE GRAPHIC REPRESENTATION
Linkage 830-05/$1
a 産研シリーズ ;
v 28
906 ## - LOCAL DATA ELEMENT F, LDF (RLIN)
a 7
b cbc
c orignew
d 3
e ncip
f 19
g y-rlinjack
942 ## - ADDED ENTRY ELEMENTS (KOHA)
Source of classification or shelving scheme
Item type Books
Holdings
Withdrawn status Lost status Source of classification or shelving scheme Damaged status Not for loan Collection code Permanent location Current location Shelving location Date acquired Total Checkouts Full call number Barcode Date last seen Price effective from Koha item type
          Koleksioni i përgjithshem UBT - Lipjan UBT - Lipjan Koleksioni i përgjithshem 08/14/2018   33 REN 002-3010927 08/14/2018 08/14/2018 Books
UBT Library © 2015-2024. All rights reserved University Education for Business and Technology